Discovering computers with Microsoft Office 2010: (Record no. 52049)

MARC details
000 -LEADER
fixed length control field 00599nam a22001577a 4500
008 - FIXED-LENGTH DATA ELEMENTS--GENERAL INFORMATION
fixed length control field 180206b xxu||||| |||| 00| 0 eng d
020 ## - INTERNATIONAL STANDARD BOOK NUMBER
International Standard Book Number 9780538473934
050 ## - LIBRARY OF CONGRESS CALL NUMBER
Classification number QA76.5
Item number S457 2012
100 ## - MAIN ENTRY--PERSONAL NAME
Personal name Shelly, Gary B
245 ## - TITLE STATEMENT
Title Discovering computers with Microsoft Office 2010:
Remainder of title CSCI 1101 2013-14 /
Statement of responsibility, etc Gary B. Shelly, Misty E. Vermaat.
260 ## - PUBLICATION, DISTRIBUTION, ETC. (IMPRINT)
Place of publication, distribution, etc Boston, MA
Name of publisher, distributor, etc Course Technology/Cengage Learning,
Date of publication, distribution, etc 2012.
300 ## - PHYSICAL DESCRIPTION
Extent 1 volume (various pagings) :
Other physical details color illustrations ;
Dimensions 28cm.
500 ## - GENERAL NOTE
General note Includes index.
650 ## - SUBJECT ADDED ENTRY--TOPICAL TERM
Topical term or geographic name as entry element Computer science,Computer networks,Internet.
942 ## - ADDED ENTRY ELEMENTS (KOHA)
Source of classification or shelving scheme Library of Congress Classification
Item type Book
Holdings
Withdrawn status Lost status Source of classification or shelving scheme Damaged status Not for loan Collection code Home library Current library Shelving location Date acquired Source of acquisition Cost, normal purchase price Total Checkouts Full call number Barcode Copy number Price effective from Koha item type
    Library of Congress Classification     Non-fiction Nakuru Campus Nakuru Campus General Circulation 06/02/2018 donation-BFA 782.00   QA76.5 S45 2012 057447 1 06/02/2018 Book